[Event "NED-chT 0203 playoff"]
[Site "Enschede"]
[Date "2003.06.22"]
[Round "2.5"]
[White "Gurevich, Mikhail"]
[Black "Van der Sterren, Paul"]
[Result "1-0"]
[WhiteElo "2635"]
[BlackElo "2535"]
[Annotator "Gurevich,M"]
[PlyCount "66"]
[EventDate "2003.06.21"]
[EventType "team-k.o."]
[EventRounds "2"]
[EventCountry "NED"]
[SourceTitle "CBM 094 Extra"]
[Source "ChessBase"]
[SourceDate "2003.07.09"]
[SourceVersion "2"]
[SourceVersionDate "2003.07.09"]
[SourceQuality "1"]
[WhiteTeam "ZZICT Breda"]
[BlackTeam "Hilversum HSG"]
[WhiteTeamCountry "NED"]
[BlackTeamCountry "NED"]

1. d4 e6 2. c4 Bb4+ 3. Nd2 c5 4. a3 Bxd2+ 5. Qxd2 cxd4 6. Nf3 (6. Qxd4 Nf6 7.
Nf3 Nc6 8. Qd1 d5 9. e3 O-O 10. b4 dxc4 11. Qxd8 Rxd8 12. Bxc4 a6 13. Bb2 b5
14. Be2 Bb7 15. O-O Nd5 $11 {0-1 Jankovic,A-Kurajica,B/Jahorina BIH 2003/The
Week in Chess 451 (33)}) 6... Nf6 7. Nxd4 d5 (7... O-O 8. f3 Nc6 9. b4 a5 10.
b5 Nxd4 11. Qxd4 d6 12. e4 e5 13. Qc3 Be6 14. Be3 Qc7 15. Rd1 d5 16. b6 Qc6 17.
Qxe5 dxe4 $132 {1-0 Kozul,Z-Dizdarevic,E/Solin-Spilt CRO 2002/The Week in
Chess 424 (43)}) 8. e3 O-O 9. b3 $5 {TN} b6 (9... e5 10. Nf3 Nc6 (10... e4 11.
Nd4 Nbd7 12. Bb2 Ne5 13. Nb5 $5 $36) 11. Bb2 d4 $5 12. exd4 exd4 13. Be2 Ne4
14. Qc2 Bf5 15. Bd3 $14) 10. Bb2 Bb7 11. f3 $5 Nbd7 (11... e5 12. Nf5 Nc6 13.
cxd5 $36) 12. cxd5 Bxd5 13. e4 e5 $5 (13... Bb7 14. Be2 Nc5 15. Qe3 $14) 14.
exd5 exd4 15. Bxd4 Re8+ (15... Qe7+ 16. Kf2 Nc5 17. Re1 Qd6 18. Bc4 b5 19. b4
$16) 16. Kf2 Nxd5 (16... Nc5 17. Bxc5 bxc5 18. Bc4 Qd6 (18... Re4 19. Rhd1 Rd4
(19... Qd6 20. Kg1) 20. Qe3 $14)) 17. Bc4 N5f6 (17... Ne5 18. Bxe5 Rxe5 19.
Rad1 $18) 18. Rhe1 $16 Ne5 19. Bb5 Re6 20. Rad1 Qd5 21. a4 a6 22. Bf1 (22. Rxe5
$5 Rxe5 23. Bxe5 Qxd2+ (23... Qxe5 24. Qd8+) 24. Rxd2 axb5 25. axb5 $16) 22...
Nc6 23. Rxe6 Qxe6 24. Bxb6 Qxb3 25. a5 $1 {[xa6]} h6 26. Rc1 (26. Kg1 $5) 26...
Ne5 27. Qc2 Qe6 28. Kg1 Nd5 29. Bd4 Re8 30. Kh1 $5 Nb4 31. Qe4 Nbc6 $6 $138 (
31... Nec6 32. Qxe6 Rxe6 33. Bb6 Ne5 $14) 32. Bb6 Qd7 33. Bxa6 $18 Ng6 $2 (
33... Ng6 34. Qxc6 Re1+ 35. Bg1) 1-0

[Event "Jakarta Gunadarma"]
[Site "Jakarta"]
[Date "1996.??.??"]
[Round "3"]
[White "Gurevich, Mikhail"]
[Black "Gunawan, Ruben"]
[Result "1/2-1/2"]
[WhiteElo "2605"]
[BlackElo "2425"]
[Annotator "Gurevich,M"]
[PlyCount "93"]
[EventDate "1996.10.15"]
[EventType "tourn"]
[EventRounds "9"]
[EventCountry "INA"]
[EventCategory "13"]
[SourceTitle "CBM 056"]
[Source "ChessBase"]
[SourceDate "1997.02.01"]
[SourceVersion "1"]
[SourceVersionDate "1997.02.01"]
[SourceQuality "1"]

1. c4 e6 2. d4 Nf6 3. Nf3 Bb4+ 4. Nbd2 d5 5. Qa4+ Nc6 6. a3 Be7 7. e3 O-O 8.
Qc2 Nb8 {TN /\Nbd7,b6,Bb7} (8... a6 9. Bd3 dxc4 10. Nxc4 h6 11. Bd2 b5 12. Na5
Nxa5 13. Bxa5 Nd5 14. Rc1 Bd6 15. e4 Nf4 16. e5 Be7 17. Bh7+ Kh8 18. Be4 Nd5
19. Bxc7 $16 {0-1 Gonzalez,J-Petrosian,K/Budapest FS07 GM(02) 1995 (34)}) 9.
Bd3 b6 10. e4 dxe4 11. Nxe4 Nbd7 12. Be3 Bb7 13. Nxf6+ Nxf6 14. O-O-O Qc8 15.
Ne5 $6 (15. Rhe1 $5 c5 $140 16. d5 $1 exd5 17. cxd5 $36) 15... c5 16. dxc5 (16.
Rhe1 $5 Rd8 (16... cxd4 17. Bxd4 Rd8 18. Bc3 {/\19.g4|^}) 17. g4 cxd4 18. Bd2
$44) 16... Bxc5 17. Bg5 Qc7 $1 18. Bxf6 $6 (18. Rhe1 Rfd8 $13) 18... gxf6 19.
Nd7 Qf4+ 20. Qd2 (20. Kb1 Rfd8 21. Nxc5 bxc5 22. Bxh7+ Kg7 23. Bd3 Rd4 $132)
20... Qxd2+ (20... Qxf2 $5 21. Qxf2 Bxf2 22. Nxf8 Kxf8 23. Rhf1 Be3+ 24. Kc2
Bxg2 $17 25. Rxf6 $2 Ke7 $19) 21. Rxd2 Rfd8 22. Nxf6+ (22. Nxc5 bxc5 23. f3 $15
) 22... Kg7 23. Ng4 (23. Be4 Rxd2 24. Kxd2 Rd8+ 25. Ke2 Ba6 $17) 23... Bxg2 24.
Rg1 Bb7 25. Rg3 h5 $2 (25... f5 26. Ne5+ Kf6 $15) 26. Ne3+ Kf6 27. Rh3 $10 Rh8
(27... Kg5 28. Rg3+ Kh6 29. Rh3 $10 {/\30.Be2}) 28. Be2 Ke7 29. Bf3 (29. Rxh5
$2 Rxh5 30. Bxh5 Rh8 31. Bd1 Rxh2 $17) 29... Bxe3 30. fxe3 Bxf3 31. Rxf3 Rac8
32. Rd4 Rhg8 33. Rh3 Rg4 34. b3 b5 (34... Rc5 $142 $10) 35. Rxh5 Rxd4 36. exd4
bxc4 37. Rc5 $5 Rb8 $1 (37... Rxc5 38. dxc5 cxb3 39. Kb2 f5 40. Kxb3 f4 41. Kc3
$18) 38. b4 Kd6 39. Rxc4 Rh8 40. Rc5 (40. Rc2 Rh4 $10) 40... Rxh2 41. Ra5 f5
42. Rxa7 Rh4 43. Kc2 Rxd4 44. Kc3 e5 45. a4 Rd1 46. Ra8 Ke7 47. Ra5 1/2-1/2

[Event "EU-ch 6th"]
[Site "Warsaw"]
[Date "2005.06.23"]
[Round "6"]
[White "Gurevich, Mikhail"]
[Black "Kuzubov, Yuriy"]
[Result "1-0"]
[WhiteElo "2630"]
[BlackElo "2558"]
[Annotator "Gurevich,M"]
[PlyCount "73"]
[EventDate "2005.06.18"]
[EventType "swiss"]
[EventRounds "13"]
[EventCountry "POL"]
[SourceTitle "CBM 108"]
[Source "ChessBase"]
[SourceDate "2005.09.26"]
[SourceVersion "1"]
[SourceVersionDate "2005.09.26"]
[SourceQuality "1"]

1. d4 {Ftacnik} Nf6 2. c4 e6 3. Nf3 Bb4+ 4. Nbd2 b6 5. a3 Bxd2+ 6. Bxd2 Bb7 7.
Bg5 d6 8. e3 Nbd7 9. Bh4 O-O (9... h6 10. Qc2 (10. Be2 Qe7 (10... g5 $5) 11.
Nd2 c5 (11... e5 12. O-O O-O 13. f3 Rfe8 14. Re1 a5 15. Qc2 Qf8 16. Bd3 exd4
17. exd4 Rxe1+ 18. Rxe1 Re8 {1/2-1/2 Peng Zhaoqin-Zhu Chen/Wuxi CHN 2005/The
Week in Chess 551 (72)} 19. b4 Rxe1+ 20. Bxe1 Qe7 21. Bf2 $14) 12. O-O O-O 13.
Re1 Rfe8 14. Nb1 Nf8 15. Nc3 {1/2-1/2 Efimov,I-Belozerov,A/Izmir 2004/CBM 104
no vc (38)}) (10. Nd2 Qe7 11. f3 g5 12. Bf2 Rg8 13. Be2 h5 14. e4 c5 15. d5
exd5 16. cxd5 Ne5 (16... g4 $5) 17. Qc2 Nfd7 18. O-O-O O-O-O 19. Nf1 Ng6 20.
Ne3 $16 {1-0 Grooten,H-Bogdan,D/La Fere FRA 2005/The Week in Chess 557 (53)})
10... Qe7 11. Rd1 g5 12. Bg3 Ne4 13. Nd2 Ndf6 14. Nxe4 Nxe4 15. Bd3 {1-0 (39)
Leitao,R-Macieja,B Las Vegas WCH 1999} f5 $5 $132) 10. Be2 Qe8 $5 {/\ 11...Ne4,
12...f5<=>>>;} 11. O-O Ne4 (11... a5 $5 {(/\ 12...a4)} 12. b3 Ne4 {(/\ 13...
Nc3, 13...f5)} 13. Rc1 f5 $132) 12. Nd2 {Ftacnik: 'It makes sense for white to
get rid of the very strong knight on the square e4.'} Nxd2 (12... f5 13. Nxe4
fxe4 (13... Bxe4 14. f3 Bb7 15. b4 $14) 14. Bh5 $5 g6 15. Bg4 Nf6 16. Be2 $14)
13. Qxd2 f5 14. b4 $5 {[/\ 15.Rac1,16.Bg3, c4-c5]} e5 15. f3 a5 (15... Qh5 {
Ftacnik} 16. Bf2 Rf6 $132) 16. Rac1 $5 axb4 17. axb4 exd4 {'?' Ftacnik.
Ftacnik: 'Kuzubov opens up the position for no compensation, but the only
player benefiting is white with two bishops.'} (17... f4 18. Bf2 $14 (18. d5
$14 {Ftacnik})) (17... Qh5 {Ftacnik} 18. Bf2 e4 19. fxe4 Qg5 20. d5 fxe4 21.
Bg3 $14) 18. exd4 Qf7 19. Rfe1 Rfe8 {[/\ Nd7-f8-e6]} 20. Bd3 Nf8 21. Rxe8 $5
Rxe8 22. Bf2 $1 $16 {[/\ Rc1-a1-a7]} Ng6 (22... Ne6 23. d5 Nf8 24. Qf4 $36) 23.
Ra1 Qd7 (23... Ra8 24. Rxa8+ Bxa8 25. Qg5 $18) 24. Ra7 Qc8 25. Qg5 Rf8 26. h4
$1 {[/\ h4-h5-h6->>>]} Rf6 27. h5 h6 (27... Nf8 28. d5 {(/\ 29.Bd4)} Nd7 29.
Bxf5 $18) 28. Qg3 Nf8 (28... Ne7 $5 29. d5 b5 30. Bd4 Rf7 31. cxb5 $16) 29. d5
Qb8 30. Ra1 {[/\ 31.Bd4, Ra1-e1->]} f4 31. Qh4 b5 (31... Nd7 32. Bd4 Ne5 33.
Bxe5 dxe5 34. Qe1 Qe8 (34... c6 35. Qe4 $40) 35. Qe4 $18) 32. Bd4 Rf7 33. Bg6
$1 $18 Nxg6 34. hxg6 Rd7 (34... Rf5 35. Qe7 Qf8 36. Qxc7) 35. Re1 $1 {[/\ 36.
Re7]} Qf8 $8 36. Re4 $1 bxc4 37. Qe1 1-0

[Event "FRA-chT Top 16 GpA"]
[Site "France"]
[Date "2007.02.09"]
[Round "1.1"]
[White "Gurevich, Mikhail"]
[Black "Asrian, Karen"]
[Result "1-0"]
[WhiteElo "2635"]
[BlackElo "2634"]
[Annotator "Gurevich,M"]
[PlyCount "85"]
[EventDate "2007.02.09"]
[EventType "team"]
[EventRounds "11"]
[EventCountry "FRA"]
[SourceTitle "CBM 116 Extra"]
[Source "ChessBase"]
[SourceDate "2007.03.07"]
[SourceVersion "1"]
[SourceVersionDate "2007.03.07"]
[SourceQuality "1"]
[WhiteTeam "Gonfreville"]
[BlackTeam "Bischwiller"]
[WhiteTeamCountry "FRA"]
[BlackTeamCountry "FRA"]

1. d4 e6 2. c4 Bb4+ 3. Nd2 d5 4. Qa4+ Nc6 5. e3 Nf6 6. Ngf3 O-O 7. a3 Bxd2+ 8.
Bxd2 Ne4 9. Qc2 Nxd2 (9... a5 10. Bd3 f5 11. O-O Bd7 12. b4 Ne7 13. bxa5 Nxd2
14. Qxd2 c6 15. Rfb1 Bc8 16. Rb6 dxc4 17. Bxc4 Nd5 18. Bxd5 Qxd5 19. a6 Rxa6
20. Rxa6 bxa6 21. Rc1 $16 {1-0 Zakhartsov,V (2541)-Stupak,K (2408)/Lvov 2006/
CBM 114 ext (27)}) 10. Qxd2 Qf6 11. Qc3 $5 (11. Rc1 Rd8 12. Qc3 Ne7 13. Ne5 c6
14. c5 Ng6 15. f4 Nf8 16. Bd3 Qh4+ 17. g3 Qe7 18. O-O f6 19. Nf3 Bd7 20. e4 $14
{1-0 Foisor,C (2406)-Ptacnikova,L (2277)/Chisinau 2005/CBM 106 ext (53)}) 11...
Re8 (11... Qg6 $5 {xg2}) 12. Rd1 $5 (12. Be2 dxc4 13. Bxc4 e5 $132) 12... Bd7
13. Be2 dxc4 14. Bxc4 Re7 15. O-O Be8 {i/\16...e5} 16. Rd2 $5 {i/\17.Rc1,17.
Rfd1} e5 (16... Rd8 $142) 17. d5 Nb8 18. Rfd1 {i/\19.d6} Qd6 (18... e4 19. Qxf6
gxf6 20. Nd4 $16) 19. Ng5 $1 Nd7 (19... e4 20. Rd4 f5 (20... Qg6 21. d6 $1 cxd6
22. Nxf7 $3 Bxf7 23. Rxd6 Rd7 $8 24. Bb3 $1 $18) 21. Ne6 $16) (19... Qg6 20. d6
cxd6 21. Nxf7 $3 $18) 20. Ne4 Qg6 21. Qb4 $1 Nb6 (21... Qxe4 22. d6 $1 Re6 (
22... cxd6 23. Bxf7+) 23. Bxe6 Qxb4 24. axb4 fxe6 25. dxc7 $18) (21... Kf8 22.
d6 cxd6 23. Nxd6 $18) 22. Bb3 Rd7 23. Nc5 Rdd8 24. Qc3 $5 $16 {xb7,e5} (24.
Nxb7 Rdb8 25. Na5 Nxd5 26. Qc4 $16) 24... c6 25. d6 Nd5 26. Qxe5 b6 27. Na6 $1
$18 {i/\28.Nc7,28.e4} Rac8 28. e4 Nf6 29. f3 Qh6 30. Qc3 Bd7 31. Nb4 {i/
\Nb4-d3-e5} Nh5 32. Nd3 Qe3+ 33. Kh1 {i/\34.Bxf7} Be6 34. Bxe6 fxe6 35. Qe5 Qh6
36. g4 $1 Qf6 37. gxh5 (37. f4 $18) 37... Qxf3+ 38. Kg1 Rf8 39. Qxe6+ Kh8 40.
d7 Rcd8 41. Re1 Rf6 42. Qe8+ Rf8 43. Qe7 1-0

[Event "FRA-chT Top 16 GpB"]
[Site "Cannes"]
[Date "2005.03.31"]
[Round "4"]
[White "Miralles, Gilles"]
[Black "Gurevich, Mikhail"]
[Result "0-1"]
[WhiteElo "2485"]
[BlackElo "2634"]
[Annotator "Gurevich,M"]
[PlyCount "78"]
[EventDate "2005.03.31"]
[EventType "team"]
[EventRounds "7"]
[EventCountry "FRA"]
[SourceTitle "CBM 105 Extra"]
[Source "ChessBase"]
[SourceDate "2005.05.01"]
[SourceVersion "1"]
[SourceVersionDate "2005.05.01"]
[SourceQuality "1"]

1. d4 e6 2. c4 d5 3. Nf3 Nf6 4. g3 Bb4+ 5. Bd2 Be7 6. Bg2 c6 7. Qc2 b6 8. Bg5 (
8. O-O Bb7 (8... Ba6 9. b3 Nbd7 10. Rd1 Rc8 11. Nc3 dxc4 (11... b5 12. c5 b4
13. Na4 Bxe2 14. Re1 Bxf3 15. Bxf3 Rb8 {1/2-1/2 Riazantsev,A-Palac,M/Geneva
SUI 2005/The Week in Chess 537 (15)}) 12. e4 h6 13. h4 O-O 14. Bh3 Ra8 15. e5
Nd5 16. bxc4 Bxc4 17. Bxh6 gxh6 18. Ne4 b5 19. Bxe6 Nb4 20. Qc1 fxe6 21. Qxh6
Rxf3 22. Qg6+ Kf8 23. d5 Bxd5 24. Rd4 Nxe5 25. Qh6+ Kg8 26. Qh5 Rf5 {0-1 Kozul,
Z-Palac,M/Celje SLO 2004/The Week in Chess 526 (26)}) 9. Rd1 Nbd7 10. Bf4 Rc8
11. Nc3 dxc4 12. Nd2 Nd5 13. Nxc4 Nxf4 14. gxf4 O-O 15. e3 Nf6 16. Rac1 Nd5 17.
Qa4 b5 18. Qxa7 bxc4 19. Qxb7 Nb4 20. a3 Rb8 21. Qa7 Ra8 22. Qb7 Rb8 23. Qa7
Ra8 24. Qb7 {1/2-1/2 Marin,M-Gurevich,M/Mondariz 2002/CBM 091 ext (24)}) 8...
Bb7 9. O-O Nbd7 10. Nbd2 c5 $5 {TN} 11. cxd5 exd5 (11... Nxd5 $5 {/\} 12. Ne4
Nb4 13. Qb1 O-O 14. dxc5 f5 $5 15. Nd6 Bd5 $132) 12. Ne5 O-O (12... Nxe5 13.
dxe5 Nd7 14. Bxe7 Qxe7 15. f4 f6 16. e4 $36) 13. Nxd7 Qxd7 $5 14. dxc5 bxc5 15.
Bxf6 $6 (15. Nb3 Rac8 16. Rac1 Qe6 $132) 15... Bxf6 (15... gxf6 16. Nf3 (16.
Rfd1 Qe6 17. e4 d4 18. Nc4 $14) 16... Rfe8 17. Nh4 Bd6 18. Rad1 $36) 16. Qxc5 (
16. Nb3 $142 Qa4 $5 (16... c4 17. Nc5 Qe7 18. Nxb7 Qxb7 19. Rab1 Rfe8 $132) 17.
Rfc1 c4 18. Nc5 Qxc2 19. Rxc2 Bc6 20. e4 Rfd8 $11) 16... Rfc8 17. Qb4 a5 18.
Qf4 Rc2 $44 19. Rad1 $5 {[/\20.e4,20.Ne4]} Qe7 $1 (19... Rxb2 20. Ne4 Be7 21.
Nc3 $132) 20. Nb3 a4 21. Nc1 (21. Nd4 Rxb2 22. Nf5 Qe6 $17) 21... Bxb2 22. Qf5
(22. Bxd5 Bxc1 $19) 22... Rac8 23. Nd3 g6 $17 24. Qh3 {[/\25.Nf4<=>]} Rd8 25.
Qg4 (25. Nxb2 Rxb2 26. e3 Rxa2 $17) 25... a3 26. Qa4 Rxe2 27. Nf4 (27. Nxb2
axb2 28. Qb5 Rd6 29. Rb1 Ba6 $19) 27... Re5 28. Qb3 (28. Nd3 Re6 29. Nxb2 axb2
30. Qb3 Ba6 $19) 28... Ba6 29. Nxd5 Qe6 $1 30. f4 $5 (30. Nc7 Qxb3 31. Rxd8+
Kg7 32. axb3 Bxf1 33. Bxf1 a2 34. Ra8 a1=Q 35. Rxa1 Bxa1 $17) 30... Re2 (30...
Bxf1 $5 31. fxe5 Bxg2 32. Kxg2 (32. Nf6+ Kg7 33. Rxd8 Qxb3 $19) 32... Kg7 $17)
31. Qf3 $138 (31. Bf3 Kg7 32. Bxe2 Bxe2 $17) 31... f5 (31... Bc4 $1 $19) 32.
Kh1 Rd7 33. Nc3 {[#][#]D} Rxg2 $1 34. Qa8+ (34. Kxg2 Bb7 35. Nd5 Bxd5 36. Rxd5
Qxd5 $19) 34... Kg7 35. Rxd7+ Qxd7 36. Qxa6 Rc2 $19 37. Rd1 Qe7 38. Qa4 $5 Rd2
$1 (38... Rxc3 $2 39. Rd7 $16) 39. Nd5 (39. Rxd2 Qe1+ 40. Kg2 Qxd2+ 41. Kh3
Qxc3 $19) (39. Qb3 Kh6 $19) 39... Qe4+ 0-1

[Event "Vlissingen HZ op 01st"]
[Site "Vlissingen"]
[Date "1997.??.??"]
[Round "7"]
[White "Gurevich, Mikhail"]
[Black "Miezis, Normunds"]
[Result "1-0"]
[WhiteElo "2620"]
[BlackElo "2515"]
[Annotator "Gurevich,M"]
[PlyCount "109"]
[EventDate "1997.07.05"]
[EventType "swiss"]
[EventRounds "7"]
[EventCountry "NED"]
[SourceTitle "CBM 058 Extra"]
[Source "ChessBase"]
[SourceDate "1997.07.29"]
[SourceVersion "1"]
[SourceVersionDate "1997.07.29"]
[SourceQuality "1"]

1. d4 Nf6 2. Nf3 e6 3. c4 Bb4+ 4. Nbd2 c5 5. a3 Bxd2+ 6. Qxd2 cxd4 7. Qxd4 (7.
b4 O-O 8. Bb2 d5 9. cxd5 Qxd5 10. Qxd4 Nc6 11. Qxd5 Nxd5 12. Rc1 f6 13. e4 Nb6
14. Bb5 e5 15. Nd2 Bd7 {0-1 Huss,A-Landenbergue,C Lucerne Swiss-ch 1994 (31)})
7... Nc6 8. Qd6 $5 {TN} (8. Qd1 O-O 9. e3 e5 $1 10. b4 d6 11. Be2 a5 12. b5 Ne7
$1 13. a4 Qc7 14. Nd2 Be6 15. Bb2 $13 {1-0 Sokolov,I-Dorfman,J/Burgas 1992 (39)
} Rad8 16. Rc1 Nd7 17. Ne4 Nc5 $6) (8. Qh4) 8... Ne4 9. Qd3 d5 10. e3 (10. b4
$2 Qf6 11. Ra2 Ne5 $1 12. Nxe5 Qxf2+ (12... Nxf2 $17) 13. Kd1 Qf5 $17) 10...
O-O 11. Qc2 {[/\12.Bd3]} (11. b4 $5) 11... Qa5+ 12. Nd2 (12. Bd2 Nxd2 13. Qxd2
Qxd2+ 14. Nxd2 $11) 12... Rd8 $6 (12... Nd6 $5 $132 13. Bd3 (13. cxd5 Qxd5 (
13... exd5 14. Bd3 $36) 14. b3 e5 $132) (13. Rb1 dxc4 14. Bxc4 Nxc4 15. Qxc4
Ne5 $132) 13... dxc4 14. Bxh7+ Kh8 15. Be4 Nxe4 16. Qxe4 c3 17. bxc3 Qxc3 $132)
13. Rb1 {[/\14.b4,14.Bd3]} (13. Bd3 $5 Nb4 14. axb4 Qxa1 15. Nxe4 dxe4 16. Bxe4
$44) 13... Ne5 $5 (13... Nxd2 14. Bxd2 Qc7 15. Bd3 $14) 14. b4 Qc7 15. Nxe4 (
15. c5 Nxd2 16. Bxd2 b6 $132) 15... dxe4 16. Qxe4 f5 (16... Nd3+ 17. Bxd3 f5
18. Qh4 Rxd3 19. Bb2 $14) 17. Qc2 b5 18. c5 Bb7 $44 19. f3 Qd7 (19... Qe7 $5
20. Bb2 (20. Bxb5 $6 Qh4+ 21. Ke2 (21. Qf2 $2 Rd1+ $19) 21... Qh5 $40 {[#]})
20... Qh4+ 21. Qf2 Nd3+ 22. Bxd3 Qxf2+ 23. Kxf2 Rxd3 24. Rhd1 Rad8 25. Ke2 Rxd1
26. Rxd1 Rxd1 27. Kxd1 g5 $11) 20. Bb2 Nd3+ 21. Bxd3 Qxd3 {[#]} 22. Qc3 $1 (22.
Qxd3 Rxd3 23. Ke2 Rad8 $44 24. Rhd1 Rxd1 25. Rxd1 Rxd1 26. Kxd1 g5 $11) 22...
Qxc3+ (22... Qxb1+ $2 23. Ke2 $18) 23. Bxc3 Rd3 24. Rc1 Rxe3+ (24... Rad8 25.
Ke2 $16) 25. Kd2 f4 26. Rhe1 Rxe1 27. Rxe1 $14 {[><f4]} Kf7 28. h4 h6 (28... g6
29. Be5 a5 30. Rc1 $1 axb4 31. axb4 Ra2+ 32. Rc2 $16) 29. h5 Rd8+ 30. Kc2 Rd5
31. Be5 a6 32. Kc3 Bc6 33. Re4 $16 Ke7 (33... g5 34. hxg6+ Kxg6 35. Bxf4 $18)
34. Bd6+ $1 (34. Bxg7 $2 Rg5 35. Bxh6 Rxh5 $15) (34. Bxf4 Rxh5 35. Bd6+ Kf7 $11
) 34... Kf6 35. Rxf4+ Rf5 36. Kd4 $1 g6 (36... Rxf4+ 37. Bxf4 Bd5 38. Be5+ $16)
37. Be5+ Kg5 38. hxg6 $1 Kxg6 (38... Rxf4+ 39. Bxf4+ Kxf4 (39... Kxg6 40. Ke5
$18) 40. g7 e5+ 41. Kc3 Bd5 42. c6 $18) 39. Rg4+ Rg5 40. Bf4 $1 Rxg4 41. fxg4
Kf6 $1 (41... Bxg2 42. Ke5 Bf3 43. Kxe6 Bxg4+ 44. Kd6 h5 45. c6 $18) 42. Be5+
$1 (42. Bxh6 e5+ 43. Ke3 Bxg2 $14) 42... Kf7 (42... Kg5 43. Bg7 $18) 43. Bh8 $1
$18 Bxg2 (43... Kg8 44. Bf6 Kf7 45. Ke5 Bxg2 46. Bh4 $18) 44. Ke5 Bf3 (44...
Ke7 45. Bg7 Bh3 (45... Bf3 46. Kf4 Be2 47. Bxh6 e5+ 48. Kf5 $1 e4 49. Be3 $18)
46. Kf4 $18) 45. Kd6 Bxg4 46. c6 Bf3 47. c7 Bb7 48. Kd7 h5 49. Be5 h4 50. Bd4
$1 (50. c8=Q $2 Bxc8+ 51. Kxc8 Kg6 52. Kb7 (52. Kd7 Kf5 53. Kd6 h3 54. Bh2 Ke4
$1 55. Kxe6 Kd4 56. Kf5 Kc4 57. Kg4 Kb3 58. Kxh3 Kxa3 59. Bd6 Ka4 $11) 52...
Kf5 53. Bh2 e5 54. Kxa6 e4 55. Bg1 h3 56. Kxb5 e3 $19) 50... h3 51. Be5 $18 Kf8
(51... Kg6 52. Kxe6 Bc8+ 53. Ke7 Kf5 54. Bh2 Ke4 55. Kd8 Bg4 56. c8=Q Bxc8 57.
Kxc8 $18) 52. c8=Q+ Bxc8+ 53. Kxc8 Ke8 54. Kb7 Kd7 55. Kb6 1-0

[Event "Nordhausen op 9th"]
[Site "Nordhausen"]
[Date "2009.08.02"]
[Round "7"]
[White "Langheinrich, Ferenc"]
[Black "Turova, Irina"]
[Result "1-0"]
[WhiteElo "2425"]
[BlackElo "2387"]
[Annotator "Gutman,L"]
[PlyCount "105"]
[EventDate "2009.07.30"]
[EventType "swiss"]
[EventRounds "7"]
[EventCountry "GER"]
[SourceTitle "EXT 2010"]
[Source "ChessBase"]
[SourceDate "2010.11.25"]
[SourceVersion "1"]
[SourceVersionDate "2010.11.25"]
[SourceQuality "1"]

1. d4 Nf6 2. c4 e6 3. Nf3 Bb4+ 4. Bd2 a5 5. g3 d6 6. Bg2 Nc6 7. Nc3 ({In
Banikas-Turov, Paleohora 2009, folgte} 7. O-O e5 8. Bg5 ({gleiche Chancen ergab
} 8. d5 Nb8 9. Bg5 Nbd7 10. a3 Bc5 11. Nc3 h6 12. Bxf6 Nxf6 13. b4 Ba7 14. Qc2
O-O 15. e3 Bd7 $11 {Pelletier-Kalinitschev, Deutsche Bundesliga 2006-07}) 8...
exd4 9. Nxd4 Nxd4 10. Qxd4 h6 11. Bf4 ({nach} 11. Bxf6 Qxf6 12. Qxf6 gxf6 13.
a3 Bc5 14. Nc3 c6 15. Rac1 Be6 16. Ne4 Ke7 $11 {verflacht das Spiel,
Postny-Riff, Französische Liga 2008}) 11... O-O $11 {mit Ausgleich}) 7... e5 8.
a3 Bxc3 9. Bxc3 e4 $2 ({Neu un schlecht. Richtig war} 9... Ne4 10. Rc1 Nxc3 ({
jedoch nicht} 10... Qe7 11. Nxe5 Nxe5 12. Bxe4 Nxc4 {Piot-Legky, St Quentin
2003, wegen} 13. Qd3 $16) 11. Rxc3 O-O 12. d5 Nb8 13. c5 Na6 14. cxd6 cxd6 15.
O-O Bd7 $11 {und der Schwarze kann sich gut behaupten, Abdulla-Rachman,Dhaka
2005}) 10. Nd2 d5 ({Nach} 10... Qe7 {käme} 11. d5 $1 Nb8 (11... Ne5 12. Nxe4
Nxe4 13. Bxe4 O-O 14. Qd4 $16) 12. Bxf6 Qxf6 13. Qb3 Qe7 14. Nxe4 O-O 15. O-O
Bf5 16. Nc3 Na6 17. e4 Bd7 18. Qc2 $16) 11. cxd5 ({Eine Alternative war} 11.
Qc2 $5 {, etwa} Bf5 12. Qb3 b6 13. cxd5 Ne7 14. Qa4+ Qd7 15. Qxd7+ Kxd7 16. Nc4
Nfxd5 17. Bd2 Nc6 18. Ne3 Nxd4 19. Rd1 Nxe3 20. Bxe3 c5 21. Bxd4 cxd4 22. Bxe4
Bxe4 23. Rxd4+ Ke6 24. Rxe4+ $16 {und Weiß steht klar überlegen}) 11... Qxd5
12. Nf1 O-O $2 ({Mehr Widerstand konnte Schwarz nach} 12... Be6 13. Ne3 Qd6 14.
d5 Nxd5 15. Bxg7 Rg8 16. Bc3 Nxe3 17. fxe3 f5 18. Qxd6 cxd6 19. O-O $14 {
leisten}) 13. Ne3 Qd6 14. d5 Ne7 15. Bxf6 Qxf6 16. Qc2 Nf5 17. Bxe4 Nxe3 18.
fxe3 h6 19. Bf3 ({Möglich war auch} 19. Qxc7 Qxb2 20. Kf2 $16) 19... Qe5 20.
Kf2 Re8 21. Qd2 Bf5 22. Qd4 f6 23. Rac1 Re7 24. Qxe5 fxe5 25. e4 Bg6 26. Rc3 b6
27. Rhc1 Ra7 28. Ke3 Rb7 29. Bg4 Be8 30. h4 g6 31. Bc8 Ra7 32. g4 Kg7 33. h5 g5
34. Bf5 Rb7 35. b3 ({Sehr stark war} 35. Be6 $5 Ra7 36. Rf1 $18) 35... b5 36.
Rc5 Ra7 37. Rc6 ({Auch hier war} 37. Be6 $18 {gut}) 37... a4 38. b4 Bxc6 39.
Rxc6 Rb7 40. Rg6+ Kf8 41. Rxh6 Rb6 42. Be6 Kg7 43. Rg6+ Kh7 44. Rxg5 Rexe6 45.
dxe6 Rxe6 46. Rf5 Kh6 47. Kf3 Rc6 48. Kg3 Rc3+ 49. Kh4 Kg7 50. g5 Rxa3 51. h6+
Kh7 52. Rf7+ Kg8 53. g6 1-0